Statistics for First Countries to Celebrate the New Year

Click here to take the quiz!

General Stats

  • This quiz has been taken 23,390 times
  • The average score is 17 of 20

Answer Stats

TimeCountry% Correct
+3:30
Australia
(Lord Howe Island)
97%
+1:15
New Zealand
(Chatham Islands)
95%
+5:00Japan
93%
+2:00Fiji
87%
+5:00Indonesia
86%
+3:00
Papua New Guinea
84%
+1:00Samoa
84%
First countryKiribati
83%
+2:00Marshall Islands
82%
+2:00Russia
82%
+2:00Tuvalu
82%
+3:00Solomon Islands
81%
+1:00Tonga
81%
+3:00Vanuatu
81%
+3:00F. S. Micronesia
80%
+2:00Nauru
80%
+5:00Palau
79%
+5:00South Korea
79%
+5:00North Korea
76%
+5:00East Timor
66%

Score Distribution

Percentile by Number Answered

Percent of People with Each Score

Your Score History

You have not taken this quiz